Valley of the dolls (Record no. 78499)

MARC details
000 -LEADER
fixed length control field 00697cab a22001935a 4500
001 - CONTROL NUMBER
control field L136939
008 - FIXED-LENGTH DATA ELEMENTS--GENERAL INFORMATION
fixed length control field 070305e2007 xxk 000 0 eng d
035 ## - SYSTEM CONTROL NUMBER
System control number (Sirsi) u136939
041 0# - LANGUAGE CODE
Language code of text/sound track or separate title eng
100 1# - MAIN ENTRY--PERSONAL NAME
Personal name Pearman, Hugh
245 ## - TITLE STATEMENT
Title Valley of the dolls
260 ## - PUBLICATION, DISTRIBUTION, ETC.
Date of publication, distribution, etc. 2007
490 ## - SERIES STATEMENT
Series statement RIBA Journal
Volume/sequential designation 114(3) March 2007, 42-48(7)
520 ## - SUMMARY, ETC.
Summary, etc. Reports on the design, architecture and costing of the Light House, a residential property in Belper, Derbyshire. Contains brief building costs, layout plans and specifications. The total cost (excluding external areas) was £834 000.
590 ## - LOCAL NOTE (RLIN)
Local note KA
651 #4 - SUBJECT ADDED ENTRY--GEOGRAPHIC NAME
Geographic name United Kingdom
Chronological subdivision
690 ## - LOCAL SUBJECT ADDED ENTRY--TOPICAL TERM (OCLC, RLIN)
Topical term or geographic name as entry element BUILT ENVIRONMENT-BUILDING COSTS
942 ## - ADDED ENTRY ELEMENTS (KOHA)
Suppress in OPAC 0
Holdings
Withdrawn status Lost status Source of classification or shelving scheme Damaged status Not for loan Home library Current library Shelving location Date acquired Total Checkouts Full call number Barcode Date last seen Copy number Price effective from Koha item type
    Dewey Decimal Classification     London London Journal article 05/03/2007   L136939 136939-1001 06/08/2019 1 06/08/2019 Journal article